| 000 | 00951nam a2200349 a 4500 | ||
|---|---|---|---|
| 003 | AR-BaBNM | ||
| 005 | 20251128205415.0 | ||
| 008 | 082120s2002 ||||||||||||||000 | spa|| | ||
| 020 | _a84-239-2035-6 | ||
| 040 | _cAR-BaBNM | ||
| 100 | 1 | _aCasona, Alejandro | |
| 245 | 0 | 0 |
_aFlor de leyendas ; _bVida de Francisco Pizarro |
| 260 |
_aMadrid _bEspasa-Calpe _c1978 |
||
| 300 |
_a242 p. _bil. |
||
| 490 | 0 |
_aSelecciones Austral _vv. 35 |
|
| 650 | 4 | _aCONQUISTA DE AMERICA | |
| 650 | 4 | _aLITERATURA ESPAÑOLA | |
| 650 | 4 | _aTRADICION ORAL | |
| 650 | 4 | _aMITOLOGIA | |
| 650 | 4 | _aLITERATURA CLASICA | |
| 650 | 4 | _aBIOGRAFIAS | |
| 650 | 4 | _aLITERATURA MEDIEVAL | |
| 650 | 4 | _aRELIGION | |
| 653 | _aPOESIA EPICA | ||
| 653 | _aCONQUISTADORES | ||
| 655 | _aLITERATURA | ||
| 700 | 1 |
_aSainz de Robles, Federico Carlos _eprologuista |
|
| 700 | 0 |
_aRivero Gil _eilustrador |
|
| 700 | 0 |
_aLázaro-Salazar _eilustrador |
|
| 942 | _cBK | ||
| 998 | _cMARTIN | ||
| 999 |
_c11309 _d11309 |
||